Quiz sur l'Europe - Statistiques

Statistiques générales
  • Ce quiz a été pris 59 fois
  • Le résultat moyen est 8 sur 20
Statistiques - réponses
Indices Réponses % Correct
Langue officielle du Liechtenstein. Allemand
83%
Capitale de la Biélorussie. Minsk
83%
Ancien pays avec lequel était rattaché notamment la Slovénie. La Yougoslavie
63%
Pays dont le nom signifie « Montagne noire » en italien. Le Monténégro
62%
Ville appelée la "Venise du Nord". Amsterdam
60%
Alphabet inventé en Bulgarie, aujourd'hui toujours utilisé dans de nombreux pays. Le cyrillique
54%
Mouvement culturel majeur ayant commencé en Italie au XIVe siècle. La Renaissance
52%
Nom donné aux vallées glaciaires, très populaires en Norvège. Les fjords
50%
Date de la construction du mur de Berlin. 1961
44%
Capitale la plus septentrionale au monde. Reykjavik
44%
Ville côtière croate surnommée la "Perle de l'Adriatique". Dubrovnik
42%
L'achitecte hongrois Ernő Rubik a inventé ce célèbre objet. Le Rubik's Cube
37%
Peuple ayant colonisé l'Estonie vers les VIIIe et Xe siècles. Les Vikings
37%
Chant traditionnel originaire des montagnes alpines suisses. Le yodel
31%
Dynastie régnant sur Monaco depuis plus de 700 ans. Grimaldi
27%
Premier pays européen à avoir aboli l'esclavage en 1761. Le Portugal
27%
Pays actuel dans lequel est née Mère Teresa. La Macédoine du Nord
10%
Reine du Danemark de 1972 à 2024. Margrethe II
6%
Symbole présent sur le drapeau de Malte La croix de Georges
4%
Fleuve traversant la Moldavie. Dniestr
2%
Aucun quiz correspondant
Distribution des résultats
% des personnes avec chaque résultat
Percentile par nombre de réponses
Votre historique - résultats
Vous n’avez pas pris ce quiz